| 000 | 00486nam a2200169Ia 4500 | ||
|---|---|---|---|
| 999 |
_c37439 _d37439 |
||
| 003 | OSt | ||
| 005 | 20200925095857.0 | ||
| 008 | 190216s9999||||xx |||||||||||||| ||und|| | ||
| 040 | _coclc | ||
| 082 |
_a576.82 _bDAR/O |
||
| 100 |
_aDarwin, Charles _94975 |
||
| 245 | 4 |
_aThe Orgin Of Species / _cCharles Darwin |
|
| 260 |
_bGeneral Book Depot, _c1986. _aDelhi: |
||
| 300 | _a479p | ||
| 650 | _aEnglish Literature | ||
| 942 |
_cBK _2ddc _h576.82 _iDAR/O _k576.82 _mDAR/O |
||